• 首页
  • 本馆介绍
  • 公告通知
  • 最新文献
  • 馆藏检索
  • 电子资源
  • 读者导购
  • 参考咨询
  • 我的图书馆
  • 登录
  • 详细信息显示
  • 放入我的书架
  • 预约/预借图书
  • 作者相关作品
  • 分类相关作品
  • 丛书相关作品
  • 出版社相关作品

书目信息

  • 表格格式
  • 工作单格式
  • 卡片格式
题名:
新编实用动物科学饲养诀窍
    
 
作者: 徐克明 , 赵芳根 , 刘云生 主编
分册:  
出版信息: 上海   上海科学技术文献出版社  2005
页数: 344页
开本: 21cm
丛书名:
单 册:
中图分类: S815.2
科图分类:
主题词: 饲养管理 , 新技术 , 动物--饲养管理--新技术
电子资源:
ISBN: 7-5439-2510-9
000 00986nam0 2200301 45
001 060000033904
005 20051231100831.53
010    @a7-5439-2510-9@dCNY18.00
092    @aCN
100    @a20050623d2005 ekmy0chiy0120 ea
101 0  @achi
102    @aCN@b310000
105    @ay az 000yy
200 1  @a新编实用动物科学饲养诀窍@9xin bian shi yong dong wu ke xue si yang jue qiao@f徐克明,赵芳根,刘云生主编@Fxu ke ming,zhao fang gen,liu yun sheng zhu bian
210    @a上海@c上海科学技术文献出版社@d2005
215    @a344页@d21cm
320    @a有书目:第344页
330    @a本书收集了家畜,经济动物,共60多种动物的品种、形态特征、习性及科学饲养新技术等内容。
606 0  @a饲养管理
606 0  @a新技术
606 0  @a动物@x饲养管理@x新技术
690    @aS815.2@v4
701  0 @a徐克明@Axu ke ming@4主编
701  0 @a赵芳根@Azhao fang gen@4主编
701  0 @a刘云生@Aliu yun sheng@4主编
801  0 @aCN@bCXYBOOK@c20051231
905    @a10447@dS815.2@e25
999    @aWJ@eDF
    
    新编实用动物科学饲养诀窍/徐克明,赵芳根,刘云生主编.-上海:上海科学技术文献出版社,2005
    344页;21cm
    
    
    ISBN 7-5439-2510-9:CNY18.00
    本书收集了家畜,经济动物,共60多种动物的品种、形态特征、习性及科学饲养新技术等内容。
●
相关链接 在E读中查询图书 在五车中查询图书 在当当中查询图书 在豆瓣中查询图书


正题名:新编实用动物科学饲养诀窍     索取号:S815.2/25         预约/预借

序号 登录号 条形码 馆藏地/架位号 状态 备注
1 0373282   203732826   第二样本阅览室/ [索取号:S815.2/25] 在馆    
2 0373283   203732835   密集书库/ [索取号:S815.2/25] 在馆    
3 0373284   203732844   密集书库/ [索取号:S815.2/25] 在馆    
4 0373285   203732853   第三借阅区/ [索取号:S815.2/25] 在馆    
5 0373286   203732862   第三借阅区/ [索取号:S815.2/25] 在馆    
唐山师范学院图书馆 欢迎您!
大连网信软件有限公司© 版权所有